02347naa#a2200457#i#4500001001600000005001700016011001400033100004100047101000800088102000700096200013900103210010900242215001000351606004600361608004500407675019500452686003800647686005600685686006300741686008900804686004100893686004200934686006100976686005901037686003701096686003501133686003701168686004001205700005201245700006601297700006001363700005601423700006201479700005801541700006601599700005201665700005801717700004801775700005401823856001201877RU\\bibl\11479820260702035554.4##a1681-1208##a20260701b2026####ek#y0rusy0150####ca0#aENG##aRU1#aThe July 29, 2025 Kamchatka Earthquake, MW 8.9: Examination Based on Regional Data Through End-2025eЖурнальная статья1#aМоскваcГеофизический центр Российской Академии Наукd2026##a0 с.##aНауки о Земле. 05.00.002local##aЖурнальная статья2local##aСейсмология. 550.34aГеология. Геологические и геофизические науки. 55aГлавное магнитное поле Земли. 550.383zENG##aНауки о Земле. 262bbk##aНауки о Земле. Экология. 632tbk##aОбщие вопросы геофизики. 37.012grnti##aГеомагнетизм и высокие слои атмосферы. 37.152grnti##aОкеанология. 37.252grnti##aФизика Земли. 37.312grnti##aОбщие вопросы геологии. 38.012grnti##aГЕОДЕЗИЯ. КАРТОГРАФИЯ. 36.002grnti##aГЕОФИЗИКА. 37.002grnti##aГЕОЛОГИЯ. 38.002grnti##aГЕОГРАФИЯ. 39.002grnti##aГОРНОЕ ДЕЛО. 52.002grnti#1aЧебровgДанила Викторович#1aМатвеенкоgЕвгений Александрович#1aАбубакировgИскандер Радиевич#1aДрознинgДмитрий Валериевич#1aДрознинаgСветлана Ярослававна#1aЛандерgАлександр Викторович#1aМитюшкинаgСветлана Владимировна#1aПавловgВиктор Михайлович#1aРаевскаяgАнна Александровна#1aСенюковgСергей Львович#1aТитковgНиколай Николаевич4#arjes.ru